<?xml version="1.0" encoding="UTF-8"?>
<record
    xmlns:xsi="http://www.w3.org/2001/XMLSchema-instance"
    xsi:schemaLocation="http://www.loc.gov/MARC21/slim http://www.loc.gov/standards/marcxml/schema/MARC21slim.xsd"
    xmlns="http://www.loc.gov/MARC21/slim">

  <leader>01202cam a2200313 i 4500</leader>
  <controlfield tag="001">17519671</controlfield>
  <controlfield tag="003">OSt</controlfield>
  <controlfield tag="005">20250610114610.0</controlfield>
  <controlfield tag="008">121105s2013    nyua          000 0 eng  </controlfield>
  <datafield tag="010" ind1=" " ind2=" ">
    <subfield code="a">  2012035364</subfield>
  </datafield>
  <datafield tag="020" ind1=" " ind2=" ">
    <subfield code="a">9789353167103</subfield>
  </datafield>
  <datafield tag="040" ind1=" " ind2=" ">
    <subfield code="a">DLC</subfield>
    <subfield code="b">eng</subfield>
    <subfield code="c">DLC</subfield>
    <subfield code="e">rda</subfield>
    <subfield code="d">DLC</subfield>
  </datafield>
  <datafield tag="042" ind1=" " ind2=" ">
    <subfield code="a">pcc</subfield>
  </datafield>
  <datafield tag="050" ind1="0" ind2="0">
    <subfield code="a">T56</subfield>
    <subfield code="b">.H55 2014</subfield>
  </datafield>
  <datafield tag="082" ind1="0" ind2="0">
    <subfield code="a">005.54</subfield>
    <subfield code="b">HIL/I</subfield>
  </datafield>
  <datafield tag="100" ind1=" " ind2=" ">
    <subfield code="a">Hillier, Frederick S </subfield>
    <subfield code="9">3992</subfield>
  </datafield>
  <datafield tag="245" ind1="1" ind2="0">
    <subfield code="a">Introduction to management science :</subfield>
    <subfield code="b">a modeling and case studies approach with spreadsheets /</subfield>
    <subfield code="c">Frederick S. Hillier, Stanford University, Mark S. Hillier, University of Washington ; cases developed by Karl Schmedders, University of Zurich, Molly Stephens Quinn, Emanuel, Urquhart, Sullivan LLP.</subfield>
  </datafield>
  <datafield tag="250" ind1=" " ind2=" ">
    <subfield code="a">Fifth edition.</subfield>
  </datafield>
  <datafield tag="264" ind1=" " ind2="1">
    <subfield code="a">New York, NY :</subfield>
    <subfield code="b">McGraw-Hill,</subfield>
    <subfield code="c">[2014]</subfield>
  </datafield>
  <datafield tag="300" ind1=" " ind2=" ">
    <subfield code="a">xx, 618 pages :</subfield>
    <subfield code="b">illustrations ;</subfield>
    <subfield code="c">29 cm +</subfield>
  </datafield>
  <datafield tag="336" ind1=" " ind2=" ">
    <subfield code="a">text</subfield>
    <subfield code="2">rdacontent</subfield>
  </datafield>
  <datafield tag="337" ind1=" " ind2=" ">
    <subfield code="a">unmediated</subfield>
    <subfield code="2">rdamedia</subfield>
  </datafield>
  <datafield tag="338" ind1=" " ind2=" ">
    <subfield code="a">volume</subfield>
    <subfield code="2">rdacarrier</subfield>
  </datafield>
  <datafield tag="650" ind1=" " ind2="0">
    <subfield code="a">Management science.</subfield>
  </datafield>
  <datafield tag="650" ind1=" " ind2="0">
    <subfield code="a">Operations research</subfield>
    <subfield code="x">Data processing.</subfield>
  </datafield>
  <datafield tag="650" ind1=" " ind2="0">
    <subfield code="a">Electronic spreadsheets.</subfield>
  </datafield>
  <datafield tag="700" ind1="1" ind2=" ">
    <subfield code="a">Hillier, Mark S.</subfield>
  </datafield>
  <datafield tag="942" ind1=" " ind2=" ">
    <subfield code="2">ddc</subfield>
    <subfield code="c">BK</subfield>
    <subfield code="h">005.54</subfield>
    <subfield code="i">HIL/I</subfield>
    <subfield code="k">005.54</subfield>
    <subfield code="m">HIL/I</subfield>
  </datafield>
  <datafield tag="952" ind1=" " ind2=" ">
    <subfield code="0">0</subfield>
    <subfield code="1">0</subfield>
    <subfield code="2">ddc</subfield>
    <subfield code="4">0</subfield>
    <subfield code="7">0</subfield>
    <subfield code="8">MANAGEMENT</subfield>
    <subfield code="a">MES</subfield>
    <subfield code="b">MES</subfield>
    <subfield code="c">MANAGEMENT</subfield>
    <subfield code="d">2025-06-10</subfield>
    <subfield code="l">0</subfield>
    <subfield code="o">005.54 HIL/I</subfield>
    <subfield code="p">45890</subfield>
    <subfield code="r">2025-06-10 11:46:01</subfield>
    <subfield code="t">1</subfield>
    <subfield code="w">2025-06-10</subfield>
    <subfield code="y">BK</subfield>
    <subfield code="z">GL57R1</subfield>
  </datafield>
  <datafield tag="952" ind1=" " ind2=" ">
    <subfield code="0">0</subfield>
    <subfield code="1">0</subfield>
    <subfield code="2">ddc</subfield>
    <subfield code="4">0</subfield>
    <subfield code="7">0</subfield>
    <subfield code="8">MANAGEMENT</subfield>
    <subfield code="a">MES</subfield>
    <subfield code="b">MES</subfield>
    <subfield code="c">MANAGEMENT</subfield>
    <subfield code="d">2025-06-10</subfield>
    <subfield code="l">0</subfield>
    <subfield code="o">005.54 HIL/I</subfield>
    <subfield code="p">45891</subfield>
    <subfield code="r">2025-06-10 11:46:01</subfield>
    <subfield code="t">2</subfield>
    <subfield code="w">2025-06-10</subfield>
    <subfield code="y">BK</subfield>
    <subfield code="z">GL57R1</subfield>
  </datafield>
  <datafield tag="999" ind1=" " ind2=" ">
    <subfield code="c">44512</subfield>
    <subfield code="d">44512</subfield>
  </datafield>
</record>
